| 000 | 00367 a2200169 4500 | ||
|---|---|---|---|
| 001 | 58819 | ||
| 020 | _a | ||
| 040 | _cAnchieta - Pituba | ||
| 100 | _aGarcia, Eduardo | ||
| 240 | 1 | 0 |
_aHistória da civilização _lpor |
| 245 | 1 | 0 | _aHistória da civilização |
| 300 | _a231 | ||
| 362 | 0 | _a1979 | |
| 440 | 1 | _aEgéria | |
| 650 | 4 | _aHistória do mundo | |
| 942 | _cBK | ||
| 999 |
_c58819 _d58819 |
||